000 00384nam a2200121 a 4500
005 20201002061706.0
008 190723s2011 000 spa d
020 _a9785953080248
100 _aGarcía Lorenzo, Gelsys M.
_976491
245 0 _aMujeres como islas II : antología de poetas cubanas, dominicanas y puertorriqueñas.
260 _aLa Habana, Cuba,
_c2011.
999 _c48634
_d48634
040 _aDO-SdBNP